| 000 | 02022nam a2200337 i 4500 | ||
|---|---|---|---|
| 003 | DO-SdBPM | ||
| 005 | 20260114105210.0 | ||
| 007 | ta | ||
| 008 | 250624b2013 dr a|||| |||| 00| 0 spa d | ||
| 020 | _a9789945471328 | ||
| 040 |
_aDO-SdBPM _bspa _cBPMSU _erda |
||
| 082 | 4 |
_a342.7293 _bV297c 2013 _222 |
|
| 100 | 1 |
_aVargas Corona, Dulce María _eautora _4aut. |
|
| 245 | 1 | 3 |
_aLa constitución dominicana infantil / _cadaptación Dulce María Vargas Corona ; ilustraciones Roberto Carlos Rodríguez |
| 250 | _a | ||
| 264 | 1 |
_aSanto Domingo : _b Cámara de Diputados de la República Dominicana, _c2013 _b |
|
| 300 |
_a149 páginas : _bilustraciones ; _c26 cm. |
||
| 336 |
_atexto _btxt _2rdacontent |
||
| 337 |
_asin mediación _bn _2rdamedia |
||
| 338 |
_avolumen _bnc _2rdacarrier |
||
| 505 | 0 | _aPresentación | Introducción | Preámbulo | Título I. De la Nación, del Estado, de su gobierno y de sus principios fundamentales | Título II. Derechos, garantías y deberes fundamentales | Título III. El Poder Legislativo | Título IV. El Poder Ejecutivo | Título V. El Poder Judicial | Título VI. El Consejo Nacional de la Magistratura | Título VII. El control constitucional | Título VIII. El defensor del pueblo | Título IX. El ordenamiento territorial | Título X. El sistema electoral | Título XI. Régimen económico y financiero y de l Cámara de Cuentas | Título XII. La seguridad y la defensa | Título XIII. Los estados de excepción | Título XIV. Las reformas constitucionales | Título XV. Disposiciones generales y transitorias | |
| 590 | _aInventariado, 2026/VM | ||
| 650 | 7 |
_aReformas constitucionales _zRepública Dominicana _xLiteratura infantil. |
|
| 650 | 7 |
_aEducación cívica _zRepública Dominicana |
|
| 650 | z | _a | |
| 651 | 7 |
_aRepública Dominicana _xConstitución _xLiteratura infantil |
|
| 700 | 1 |
_aRodríguez, Roberto Carlos _eilustraciones |
|
| 710 | 1 |
_aRepública Dominicana. _bCámara de Diputados. |
|
| 910 | _aVMateo V. Control de calidad. BPMSU | ||
| 942 |
_2ddc _cBK |
||
| 999 |
_c15595 _d15595 |
||